IFM Opac

Essential of Management Finance (Record no. 21632)

MARC details
000 -LEADER
fixed length control field 00427nam a22001577a 4500
005 - DATE AND TIME OF LATEST TRANSACTION
control field 20220902112338.0
008 - FIXED-LENGTH DATA ELEMENTS--GENERAL INFORMATION
fixed length control field 220902b |||||||| |||| 00| 0 eng d
020 ## - INTERNATIONAL STANDARD BOOK NUMBER
International Standard Book Number 0030970857
082 ## - DEWEY DECIMAL CLASSIFICATION NUMBER
Classification number 658.15
100 ## - MAIN ENTRY--PERSONAL NAME
Personal name Weston, Fred J
245 ## - TITLE STATEMENT
Title Essential of Management Finance
250 ## - EDITION STATEMENT
Edition statement 10th ed.
260 ## - PUBLICATION, DISTRIBUTION, ETC.
Place of publication, distribution, etc. Fort Worth:
Name of publisher, distributor, etc. Harcourt Brace College Publishers,
Date of publication, distribution, etc. 1993
300 ## - PHYSICAL DESCRIPTION
Extent xv, 891p.: ill.; 23cm.
942 ## - ADDED ENTRY ELEMENTS (KOHA)
Source of classification or shelving scheme Dewey Decimal Classification
Koha item type Books
Suppress in OPAC No
Holdings
Withdrawn status Lost status Source of classification or shelving scheme Damaged status Not for loan Collection code Home library Current library Shelving location Date acquired Total Checkouts Full call number Barcode Date last seen Price effective from Koha item type
    Dewey Decimal Classification     Reference IFM Main Campus Library IFM Main Campus Library Special Reserve Collection 09/02/2022   658.15 WES 0000003605 09/02/2022 09/02/2022 Books
    Dewey Decimal Classification     Reference IFM Main Campus Library IFM Main Campus Library Special Reserve Collection 09/02/2022   658.15 WES 0000015788 09/02/2022 09/02/2022 Books